| 000 | 01198nam a2200265 i 4500 | ||
|---|---|---|---|
| 001 | 143416 | ||
| 003 | ES-MaACL | ||
| 005 | 20250915063055.0 | ||
| 007 | t| | ||
| 008 | 070214s1905 sp r ||||1| spa d | ||
| 080 | _a821.134.2-94.09"15/16"(043.2) | ||
| 080 | _a910.4(7/8)"14/15"(043.2) | ||
| 100 | 1 |
_aSerrano y Sanz, Manuel, _d1868-1932 _9105809 |
|
| 245 | 1 | 0 |
_aExamen de los escritos autobiográficos de navegantes y conquistadores españoles en América _b: tesis presentada para obtener el grado de Doctor en la Facultad de Filosofía y Letras / _cpor Manuel Serrano y Sanz. |
| 260 |
_aMadrid : _b[s. n.], _c1905 ( _fTip. de la Revista de Archivos) |
||
| 300 |
_a41 p. ; _c24 cm. |
||
| 502 | _aTesis--Universidad Central (Madrid), 1905. | ||
| 530 | _aDisponible en formato digital. | ||
| 650 | 4 |
_aAutobiografía española- _yS.XVI-XVII. _9155643 |
|
| 651 | 4 |
_aAmérica- _xDescubrimientos y exploraciones- _xEspañoles. _9138324 |
|
| 710 | 2 |
_aUniversidad Central (Madrid). _bFacultad de Filosofía y Letras. _97092 |
|
| 852 |
_aES-MaACL _jT-1039-F-11 |
||
| 856 |
_uhttp://bdh-rd.bne.es/viewer.vm?id=0000133363&page=1 _zBiblioteca Digital Hispánica |
||
| 999 |
_c143416 _d143416 |
||